<?xml version="1.0" encoding="UTF-8"?>
<record
    xmlns:xsi="http://www.w3.org/2001/XMLSchema-instance"
    xsi:schemaLocation="http://www.loc.gov/MARC21/slim http://www.loc.gov/standards/marcxml/schema/MARC21slim.xsd"
    xmlns="http://www.loc.gov/MARC21/slim">

  <leader>00932nam a2200217   4500</leader>
  <controlfield tag="001">79943</controlfield>
  <controlfield tag="003">BD-RjUL</controlfield>
  <controlfield tag="005">20220608120507.0</controlfield>
  <controlfield tag="008">220608s19371356u  ||||| |||| 00| 0 ara d</controlfield>
  <datafield tag="035" ind1=" " ind2=" ">
    <subfield code="a">(BD-RjUL)79943</subfield>
  </datafield>
  <datafield tag="040" ind1=" " ind2=" ">
    <subfield code="a">BD-RjUL</subfield>
    <subfield code="b">eng</subfield>
    <subfield code="c">BD-RjUL</subfield>
  </datafield>
  <datafield tag="041" ind1=" " ind2=" ">
    <subfield code="a">ara</subfield>
  </datafield>
  <datafield tag="082" ind1=" " ind2=" ">
    <subfield code="2">23</subfield>
    <subfield code="a">340.59</subfield>
    <subfield code="b">SHI 1937</subfield>
  </datafield>
  <datafield tag="100" ind1="1" ind2=" ">
    <subfield code="a">&#x634;&#x648;&#x643;&#x627;&#x646;&#x64A;&#x60C; &#x645;&#x62D;&#x645;&#x62F; &#x628;&#x646; &#x639;&#x644;&#x64A;&#x60C;,# Shawkani, Muhammad bin Ali,</subfield>
    <subfield code="d">1759-1839</subfield>
    <subfield code="9">3514</subfield>
  </datafield>
  <datafield tag="245" ind1="1" ind2="0">
    <subfield code="a">&#x627;&#x631;&#x634;&#x627;&#x62F; &#x627;&#x644;&#x641;&#x62D;&#x648;&#x644; &#x627;&#x644;&#x649; &#x62A;&#x62D;&#x642;&#x64A;&#x642; &#x627;&#x644;&#x62D;&#x642; &#x645;&#x646; &#x639;&#x644;&#x645; &#x627;&#x644;&#x627;&#x635;&#x648;&#x644;  #  Irsh&#x101;d al-fu&#x1E25;&#x16B;l il&#xE1; ta&#x1E25;q&#x12B;q al-&#x1E25;aqq min &#x2BB;ilm al-u&#x1E63;&#x16B;l /</subfield>
    <subfield code="c">&#x645;&#x62D;&#x645;&#x62F; &#x628;&#x646; &#x639;&#x644;&#x64A; &#x628;&#x646; &#x645;&#x62D;&#x645;&#x62F; &#x627;&#x644;&#x634;&#x648;&#x643;&#x627;&#x646;&#x64A; #  Muhammad bin Ali bin Muhammad Al-Shawkani</subfield>
  </datafield>
  <datafield tag="260" ind1=" " ind2=" ">
    <subfield code="a">Misr :</subfield>
    <subfield code="b">Mustafa albani al halabi ,</subfield>
    <subfield code="c">1937</subfield>
  </datafield>
  <datafield tag="300" ind1=" " ind2=" ">
    <subfield code="a">292 p. ;</subfield>
    <subfield code="c">28 cm</subfield>
  </datafield>
  <datafield tag="650" ind1=" " ind2=" ">
    <subfield code="a">Islamic law</subfield>
    <subfield code="v">Interpretation and construction </subfield>
    <subfield code="y"> Early works to 1800.</subfield>
    <subfield code="9">2200</subfield>
  </datafield>
  <datafield tag="650" ind1=" " ind2=" ">
    <subfield code="a">Islamic law </subfield>
    <subfield code="v"> Interpretation and construction.</subfield>
  </datafield>
  <datafield tag="942" ind1=" " ind2=" ">
    <subfield code="2">ddc</subfield>
    <subfield code="c">BK</subfield>
  </datafield>
  <datafield tag="999" ind1=" " ind2=" ">
    <subfield code="c">79943</subfield>
    <subfield code="d">79943</subfield>
  </datafield>
  <datafield tag="952" ind1=" " ind2=" ">
    <subfield code="0">0</subfield>
    <subfield code="1">0</subfield>
    <subfield code="2">ddc</subfield>
    <subfield code="4">0</subfield>
    <subfield code="7">1</subfield>
    <subfield code="8">NFIC</subfield>
    <subfield code="a">RUCL</subfield>
    <subfield code="b">RUCL</subfield>
    <subfield code="c">Doc/The</subfield>
    <subfield code="d">1967-05-02</subfield>
    <subfield code="e">Maqtaba i Ishaqia</subfield>
    <subfield code="g">10.00</subfield>
    <subfield code="o">A 340.59 SHI 1937</subfield>
    <subfield code="r">2022-06-08 00:00:00</subfield>
    <subfield code="t">C-1</subfield>
    <subfield code="y">BK</subfield>
  </datafield>
</record>
